LEADER 02245nam0 22005293i 450 001 VAN0274841 005 20240524100049.879 017 70$2N$a9783030687137 100 $a20240412d2021 |0itac50 ba 101 $aeng 102 $aCH 105 $a|||| ||||| 200 1 $aIntroduction to Continuous Optimization$fRoman A. Polyak 210 $aCham$cSpringer$d2021 215 $axvi, 541 p.$cill.$d24 cm 410 1$1001VAN0067197$12001 $aSpringer optimization and its applications$1210 $aBerlin [etc.]$cSpringer$d2006-$v172 606 $a90C30$xNonlinear programming [MSC 2020]$3VANC023183$2MF 606 $a90-XX$xOperations research, mathematical programming [MSC 2020]$3VANC025650$2MF 610 $aAffine scaling algorithm$9KW:K 610 $aContinuous Optimization$9KW:K 610 $aConvex programming$9KW:K 610 $aExterior point method$9KW:K 610 $aIPM complexity$9KW:K 610 $aInterior ellipsoid method$9KW:K 610 $aInterior-Point Method$9KW:K 610 $aLagrange multiplier$9KW:K 610 $aLegendre transformation$9KW:K 610 $aNR principle$9KW:K 610 $aNonconvex programming$9KW:K 610 $aNonlinear Programming$9KW:K 610 $aNonlinear rescaling$9KW:K 610 $aSelf-Concordant Functions$9KW:K 610 $aSequential Unconstrained Minimization Technique$9KW:K 610 $aUnconstrained Optimization$9KW:K 620 $aCH$dCham$3VANL001889 700 1$aPolyak$bRoman A.$3VANV227292$01069326 712 $aSpringer $3VANV108073$4650 790 1$aPolyak, R.A.$zPolyak, Roman A.$3VANV230102 790 1$aPolyak, R. A.$zPolyak, Roman A.$3VANV230103 801 $aIT$bSOL$c20240614$gRICA 856 4 $uhttps://doi.org/10.1007/978-3-030-68713-7$zE-book ? Accesso al full-text attraverso riconoscimento IP di Ateneo, proxy e/o Shibboleth 899 $aBIBLIOTECA DEL DIPARTIMENTO DI MATEMATICA E FISICA$1IT-CE0120$2VAN08 912 $fN 912 $aVAN0274841 950 $aBIBLIOTECA DEL DIPARTIMENTO DI MATEMATICA E FISICA$d08CONS e-book 8275 $e08eMF8275 20240430 996 $aIntroduction to continuous optimization$92555185 997 $aUNICAMPANIA LEADER 02457nam0 22004813i 450 001 VAN00249015 005 20240806101416.919 017 70$2N$a9783030478490 100 $a20220804d2020 |0itac50 ba 101 $aeng 102 $aCH 105 $a|||| ||||| 200 1 $aDirect and Inverse Sturm-Liouville Problems$eA Method of Solution$fVladislav V. Kravchenko 210 $aCham$cBirkhäuser$cSpringer$d2020 215 $axi, 154 p.$cill.$d24 cm 410 1$1001VAN00051364$12001 $aFrontiers in mathematics$1210 $aBasel [etc.]$cBirkhäuser$d2004- 500 1$3VAN00249016$aDirect and Inverse Sturm-Liouville Problems$92057257 606 $a34-XX$xOrdinary differential equations [MSC 2020]$3VANC021251$2MF 606 $a34A55$xInverse problems involving ordinary differential equations [MSC 2020]$3VANC023360$2MF 606 $a34B24$xSturm-Liouville theory [MSC 2020]$3VANC022908$2MF 606 $a34L25$xScattering theory, inverse scattering involving ordinary differential operators [MSC 2020]$3VANC027778$2MF 606 $a47E05$xGeneral theory of ordinary differential operators [MSC 2020]$3VANC037100$2MF 606 $a65L15$xNumerical solution of eigenvalue problems involving ordinary differential equations [MSC 2020]$3VANC023037$2MF 606 $a81U40$xInverse scattering problems in quantum theory [MSC 2020]$3VANC022771$2MF 610 $aInverse scattering problem$9KW:K 610 $aJost solution$9KW:K 610 $aNeumann series of Bessel functions$9KW:K 610 $aScattering problem$9KW:K 610 $aSpectral parameter power series$9KW:K 610 $aTransformation operator$9KW:K 610 $aTransmutation operator$9KW:K 620 $aCH$dCham$3VANL001889 700 1$aKravchenko$bVladislav V.$3VANV079795$055414 712 $aBirkhäuser $3VANV108193$4650 712 $aSpringer $3VANV108073$4650 801 $aIT$bSOL$c20241115$gRICA 856 4 $uhttp://doi.org/10.1007/978-3-030-47849-0$zE-book ? Accesso al full-text attraverso riconoscimento IP di Ateneo, proxy e/o Shibboleth 899 $aBIBLIOTECA DEL DIPARTIMENTO DI MATEMATICA E FISICA$1IT-CE0120$2VAN08 912 $fN 912 $aVAN00249015 950 $aBIBLIOTECA DEL DIPARTIMENTO DI MATEMATICA E FISICA$d08DLOAD e-book 4627 $e08eMF4627 20220804 996 $aDirect and Inverse Sturm-Liouville Problems$92057257 997 $aUNICAMPANIA